| 000 | 00426nam a2200133Ia 4500 | ||
|---|---|---|---|
| 008 | 220217s9999 xx 000 0 und d | ||
| 100 | _aDhanya, K.K. | ||
| 245 | 0 | _aStudies on reinforcement of natural rubber using high density polyethylene an evaluation of a product | |
| 260 |
_bUniversity of Calicut _a Calicut _c2010 |
||
| 500 | _aAvailable in RT | ||
| 500 | _aCourse: M.Sc. | ||
| 700 | _aMr KN Madhusoodanan | ||
| 942 | _cTS | ||
| 999 |
_c74507 _d74507 |
||